Представление документа в формате RUSMARC

ПолеНазваниеЗначение
  Тип записи a
  Библиографический уровень a
001 Контрольный номер RU/CBS_UL/BASE/137ce4ac92dc4188ab5157b0c06f2ff1
005 Дата корректировки 20240118114120.7
100 Данные общей обработки __
a Данные общей обработки 20240118 ||| 0rusy0189 ca
101 Язык документа 0_
a Язык текста rus
102 Страна публикации __
a Страна публикации RU
200 Заглавие и сведения об ответственности 1_
a Заглавие Топ-10 опасных животных
e Сведения, относящиеся к заглавию [самые опасные животные]
300 Общие примечания __
a Общие примечания 6+
461 Уровень набора _0
1 2000
a Наш Филиппок
463 Уровень физической единицы _0
1 2000
a № 9
v С. 28-31 : фото
1 2101
d 2023
1 001RU/CBS_UL/BASE/7bd022cc36064a3eb8fe73bda9c772cc
606 Тематические рубрики 0_
a Основная рубрика Животные
610 Ключевые слова 0_
a Ключевые слова животные
610 Ключевые слова 0_
a Ключевые слова опасные животные
610 Ключевые слова 0_
a Ключевые слова животные опасные
610 Ключевые слова 0_
a Ключевые слова тигровые комары
610 Ключевые слова 0_
a Ключевые слова комодские драконы
610 Ключевые слова 0_
a Ключевые слова ягуары
610 Ключевые слова 0_
a Ключевые слова африканские буйволы
610 Ключевые слова 0_
a Ключевые слова ядовитые лягушки
610 Ключевые слова 0_
a Ключевые слова жёлтые скорпионы
610 Ключевые слова 0_
a Ключевые слова пустынные тайпаны
610 Ключевые слова 0_
a Ключевые слова сиднейские воронковые пауки
610 Ключевые слова 0_
a Ключевые слова бегемоты
610 Ключевые слова 0_
a Ключевые слова осьминоги
686 Индексы других классификаций __
2 Код системы rubbk
a Классификационный индекс 28.6
801 Источник записи _0
a Страна RU
b Организация МБУК ЦБС г. Ульяновска
c Дата составления 20240118
g Правила каталогизации RCR
801 Источник записи _1
a Страна RU
b Организация МБУК ЦБС г. Ульяновска
c Дата составления 20240118
g Правила каталогизации RCR
901 Тип документа __
t Тип документа b
w Контрольный № источника RU/CBS_UL/BASE/7bd022cc36064a3eb8fe73bda9c772cc